00620 2200193 4500001002100000008004100021035002000062245009800082100001900180260004400199300002700243020002200270084001600292520006200308082001000370650002200380990001200402990001200414INLIS000000000015544 ind  a0010-0223000065 a3 Hours to MasterbCara Mendapatkan Nilai BaguscMichael Chuah; alih bahasa, Yulius Dewasetya aCHUAH, Michael aJakarta :bElex Media Komputindo,c2019 a181 hal.: ilus.c22 cm a978-602-04-9904-8 a741.5 CHU t aJudul asli : 3 Hours to Master : How to Get Perfect Marks a741.5 aKOMIK. PENDIDIKAN a10657 a a10657 b